000 00710nam a22002055i 4500
001 155692
003 ES-MaACL
005 20250716062626.0
008 010926q18801910fr |||| | fre d
040 _aCAM
_bspa
_cCAM
100 1 _aHugo, Victor,
_d1802-1885
_964627
245 1 0 _aHan d'Islande /
_cVictor Hugo.
260 _aParis :
_bJ. Hetzel & Cie :
_bMaison Quantin,
_c[s.a.] (
_fL.-Imp. réunies)
300 _a406 p. ;
_c18 cm.
490 1 _aOeuvres complètes de Victor Hugo. Roman
596 _aProbablemente impreso a finales del S. XIX ó principios del S. XX.
830 0 _aOeuvres complètes de Victor Hugo. Roman
_9187968
852 _aES-MaACL
_jG-3108
_z-- Rust.
999 _c155692
_d155692